000 00604nam a2200205Ia 4500
005 20250508170217.0
008 008 250505s9999 xx 000 0 eng d
037 _aTextual
040 _aFEDL
_beng
_cFEDL
041 _aeng
_2eng
084 _a954.035, NCE
_qFEDL
100 _aAnand Mulk Raj
245 0 _aHistoric trial of Mahatma Gandhi
260 _aNew Delhi, India
_bNational Council of Educational Research and Training
_c1987
300 _aix, 51p.
365 _aINR
_b1.8
546 _aGifted by Lalit Kumar
942 _cTEXL
_h954.035, NCE
999 _c1399812
_d1399812